000
00294nam a22001217a 4500
999
_c
12710
_d
12710
020
_a
9780753540879
082
_a
658.110
100
_a
Bridge,Rachel
245
_a
How to Start a Business Without Any Money/
260
_a
UK
_b
Virgin Books Publisher
_c
2012
300
_a
288, pages.
942
_c
BK